[Event "EYCC Open-U14 2019"]
[Site "Bratislava"]
[Date "2019.08.08"]
[Round "7.19"]
[White "Sokolovsky, Yahli"]
[Black "Sahakyan, Aleks"]
[Result "1-0"]
[WhiteElo "2093"]
[BlackElo "1856"]
[Annotator "NA"]
[PlyCount "137"]
[EventDate "2019.08.02"]
[EventType "swiss"]
[EventCountry "SVK"]
[SourceTitle "playchess.com"]
[Source "ChessBase"]
[SourceQuality "1"]
[TimeControl "40/5400+30:1800+30"]

1. b3 {[%emt 0:00:00]} e5 {[%emt 0:00:39]} 2. Bb2 {[%emt 0:00:00]} Nc6 {[%emt 0:00:24]} 3. e3 {[%emt 0:00:00]} d5 {[%emt 0:00:48]} 4. Bb5 {[%emt 0:00:00]} f6 {[%emt 0:00:06]} 5. d4 {[%emt 0:07:00]} e4 {[%emt 0:02:32]} 6. c4 {[%emt 0:01:00]} a6 {[%emt 0:00:07]} 7. Bxc6+ {[%emt 0:05:08]} bxc6 {[%emt 0:00:19]} 8. Nc3 {[%emt 0:00:59]} f5 {[%emt 0:04:20]} 9. Nge2 {[%emt 0:03:53]} Nf6 {[%emt 0:00:14]} 10. Qc1 {[%emt 0:02:52]} Be6 {[%emt 0:05:34]} 11. cxd5 {[%emt 0:02:02]} cxd5 {[%emt 0:00:43]} 12. Ba3 {[%emt 0:02:10]} Bd6 {[%emt 0:02:54]} 13. Bxd6 {[%emt 0:07:08]} Qxd6 {[%emt 0:00:13]} 14. Na4 {[%emt 0:00:55]} Bd7 {[%emt 0:03:23]} 15. Nc5 {[%emt 0:00:43]} Bb5 {[%emt 0:02:20]} 16. Nf4 {[%emt 0:12:27]} O-O {[%emt 0:03:33]} 17. h4 {[%emt 0:06:35]} a5 {[%emt 0:06:01]} 18. a4 {[%emt 0:03:59]} Ba6 {[%emt 0:00:23]} 19. Qc3 {[%emt 0:01:10]} Qb6 {[%emt 0:12:54]} 20. Rh3 {[%emt 0:02:37]} Bc8 {[%emt 0:12:03]} 21. Rg3 {[%emt 0:02:40]} Kf7 {[%emt 0:02:50]} 22. Rc1 {[%emt 0:02:04]} Ra7 {[%emt 0:01:23]} 23. Rg5 {[%emt 0:04:03]} Rg8 {[%emt 0:10:33]} 24. Qd2 {[%emt 0:03:53]} g6 {[%emt 0:01:59]} 25. h5 {[%emt 0:07:50]} c6 {[%emt 0:05:47]} 26. hxg6+ {[%emt 0:06:12]} hxg6 {[%emt 0:00:02]} 27. Qe2 {[%emt 0:03:24]} Ng4 {[%emt 0:01:55]} 28. f3 {[%emt 0:02:02]} exf3 {[%emt 0:00:22]} 29. Qxf3 {[%emt 0:03:36]} Nxe3 {[%emt 0:01:18]} 30. Nfd3 {[%emt 0:05:00]} Re7 {[%emt 0:05:25]} 31. Ne5+ {[%emt 0:00:13]} Rxe5 {[%emt 0:00:00]} 32. dxe5 {[%emt 0:00:08]} Qb4+ {[%emt 0:00:01]} 33. Ke2 {[%emt 0:00:45]} Ng4 {[%emt 0:00:20]} 34. Nd3 {[%emt 0:03:30]} Qe4+ {[%emt 0:03:40]} 35. Kd2 {[%emt 0:00:36]} Ba6 {[%emt 0:01:35]} 36. Rxg4 {[%emt 0:00:45]} Qxg4 {[%emt 0:01:46]} 37. Qxg4 {[%emt 0:00:29]} fxg4 {[%emt 0:00:04]} 38. Rxc6 {[%emt 0:00:35]} Bxd3 {[%emt 0:01:26]} 39. Kxd3 {[%emt 0:00:14]} Rh8 40. Rf6+ {[%emt 0:00:00]} Kg7 {[%emt 0:00:00]} 41. Kd4 {[%emt 0:07:33]} Rb8 {[%emt 0:05:09]} 42. Kxd5 {[%emt 0:01:04]} Rxb3 {[%emt 0:00:19]} 43. Rf4 {[%emt 0:08:21]} g3 {[%emt 0:05:12]} 44. e6 {[%emt 0:08:10]} Rb2 {[%emt 0:00:41]} 45. Rf7+ {[%emt 0:01:45]} Kg8 {[%emt 0:00:27]} 46. Rf3 {[%emt 0:02:48]} Kg7 {[%emt 0:07:22]} 47. Rxg3 {[%emt 0:00:55]} Kf6 {[%emt 0:00:11]} 48. Rf3+ {[%emt 0:00:49]} Ke7 {[%emt 0:00:01]} 49. Rf7+ {[%emt 0:00:07]} Ke8 {[%emt 0:00:01]} 50. g4 {[%emt 0:01:54]} Rb4 {[%emt 0:02:33]} 51. g5 {[%emt 0:00:15]} Rxa4 {[%emt 0:01:16]} 52. Ke5 {[%emt 0:00:27]} Ra1 {[%emt 0:01:33]} 53. Kf6 {[%emt 0:00:19]} a4 {[%emt 0:03:25]} 54. Ra7 {[%emt 0:00:23]} Rf1+ {[%emt 0:00:09]} 55. Kxg6 {[%emt 0:00:05]} Re1 {[%emt 0:01:57]} 56. Kf6 {[%emt 0:00:06]} Rf1+ {[%emt 0:00:11]} 57. Kg7 {[%emt 0:00:07]} Re1 {[%emt 0:00:19]} 58. Rxa4 {[%emt 0:01:44]} Rxe6 {[%emt 0:00:03]} 59. Ra7 {[%emt 0:01:10]} Re1 {[%emt 0:00:15]} 60. g6 {[%emt 0:00:38]} Rh1 {[%emt 0:00:32]} 61. Kg8 {[%emt 0:00:21]} Rg1 {[%emt 0:00:10]} 62. g7 {[%emt 0:00:38]} Rh1 {[%emt 0:00:01]} 63. Ra2 {[%emt 0:00:35]} Rh3 {[%emt 0:00:08]} 64. Re2+ {[%emt 0:00:09]} Kd7 65. Re4 {[%emt 0:00:38]} Rh1 {[%emt 0:00:10]} 66. Kf7 {[%emt 0:00:25]} Rf1+ {[%emt 0:00:04]} 67. Kg6 {[%emt 0:00:11]} Rg1+ {[%emt 0:00:02]} 68. Kf6 {[%emt 0:00:18]} Rf1+ {[%emt 0:00:02]} 69. Kg5 {[%emt 0:00:14]} 1-0

[Event "EYCC Open-U14 2019"]
[Site "Bratislava"]
[Date "2019.08.08"]
[Round "7.20"]
[White "Andrijashkin, Deniss"]
[Black "Guz, Ari"]
[Result "1/2-1/2"]
[WhiteElo "1862"]
[BlackElo "2165"]
[Annotator "NA"]
[PlyCount "40"]
[EventDate "2019.08.02"]
[EventType "swiss"]
[EventCountry "SVK"]
[SourceTitle "playchess.com"]
[Source "ChessBase"]
[SourceQuality "1"]
[TimeControl "40/5400+30:1800+30"]

1. e4 {[%emt 0:00:00]} c5 {[%emt 0:00:00]} 2. Nf3 {[%emt 0:00:00]} e6 {[%emt 0:00:00]} 3. g3 {[%emt 0:00:00]} Nc6 {[%emt 0:00:19]} 4. Bg2 d5 {[%emt 0:00:18]} 5. exd5 {[%emt 0:02:14]} Qxd5 {[%emt 0:00:21]} 6. O-O {[%emt 0:04:41]} Nf6 {[%emt 0:01:02]} 7. Nc3 {[%emt 0:04:05]} Qd8 {[%emt 0:00:15]} 8. d3 {[%emt 0:04:17]} Be7 {[%emt 0:01:18]} 9. Nd2 {[%emt 0:12:43]} O-O {[%emt 0:00:39]} 10. Nc4 {[%emt 0:01:46]} Nd5 {[%emt 0:05:05]} 11. Nxd5 {[%emt 0:02:49]} exd5 {[%emt 0:00:18]} 12. Ne3 {[%emt 0:00:09]} Be6 {[%emt 0:09:15]} 13. c4 {[%emt 0:02:43]} dxc4 {[%emt 0:06:08]} 14. dxc4 {[%emt 0:00:27]} Bf6 {[%emt 0:01:28]} 15. Nd5 {[%emt 0:07:15]} Bd4 {[%emt 0:00:23]} 16. Be3 {[%emt 0:11:06]} Bxe3 {[%emt 0:07:13]} 17. Nxe3 {[%emt 0:01:28]} Nd4 {[%emt 0:00:26]} 18. b3 {[%emt 0:02:28]} Qd7 {[%emt 0:02:25]} 19. Qh5 {[%emt 0:03:59]} Rac8 {[%emt 0:00:12]} 20. Rad1 {[%emt 0:00:34]} b6 {[%emt 0:00:39]} 1/2-1/2

[Event "EYCC Open-U14 2019"]
[Site "Bratislava"]
[Date "2019.08.08"]
[Round "7.21"]
[White "Fernandez Lopez, Ruben"]
[Black "Sobek, Michal"]
[Result "0-1"]
[WhiteElo "2207"]
[BlackElo "2101"]
[Annotator "NA"]
[PlyCount "98"]
[EventDate "2019.08.02"]
[EventType "swiss"]
[EventCountry "SVK"]
[SourceTitle "playchess.com"]
[Source "ChessBase"]
[SourceQuality "1"]
[TimeControl "40/5400+30:1800+30"]

1. e4 {[%emt 0:00:00]} c5 {[%emt 0:00:00]} 2. Nf3 {[%emt 0:00:00]} Nc6 {[%emt 0:00:00]} 3. d4 {[%emt 0:00:00]} cxd4 {[%emt 0:00:00]} 4. Nxd4 {[%emt 0:00:03]} g6 {[%emt 0:00:04]} 5. Nc3 {[%emt 0:00:15]} Bg7 {[%emt 0:00:10]} 6. Be3 {[%emt 0:00:19]} Nf6 {[%emt 0:00:09]} 7. Bc4 {[%emt 0:00:22]} O-O {[%emt 0:00:13]} 8. Bb3 {[%emt 0:00:09]} d6 {[%emt 0:00:21]} 9. f3 {[%emt 0:00:11]} Bd7 {[%emt 0:00:09]} 10. Qd2 {[%emt 0:00:35]} Nxd4 {[%emt 0:00:18]} 11. Bxd4 {[%emt 0:00:09]} b5 {[%emt 0:00:22]} 12. h4 {[%emt 0:00:11]} h5 {[%emt 0:00:29]} 13. g4 {[%emt 0:00:11]} hxg4 {[%emt 0:01:39]} 14. h5 {[%emt 0:00:09]} Nxh5 {[%emt 0:08:06]} 15. Bxg7 {[%emt 0:00:55]} Kxg7 {[%emt 0:00:08]} 16. Rxh5 {[%emt 0:00:09]} Rh8 {[%emt 0:04:29]} 17. Rxh8 {[%emt 0:00:46]} Qxh8 {[%emt 0:00:07]} 18. O-O-O {[%emt 0:00:45]} gxf3 {[%emt 0:03:08]} 19. Nd5 {[%emt 0:01:25]} Qh4 {[%emt 0:02:31]} 20. Qc3+ {[%emt 0:00:06]} e5 {[%emt 0:01:39]} 21. Qc7 {[%emt 0:14:35]} Be6 {[%emt 0:03:40]} 22. Qxd6 {[%emt 0:01:22]} Qxe4 {[%emt 0:01:27]} 23. Nc7 {[%emt 0:00:18]} Bxb3 {[%emt 0:04:04]} 24. axb3 {[%emt 0:00:01]} Qf4+ {[%emt 0:18:30]} 25. Kb1 {[%emt 0:00:22]} Rf8 {[%emt 0:10:44]} 26. Qe7 {[%emt 0:01:04]} Qf5 {[%emt 0:04:30]} 27. Ne8+ {[%emt 0:01:18]} Rxe8 {[%emt 0:00:04]} 28. Qxe8 {[%emt 0:00:01]} f2 {[%emt 0:00:18]} 29. Rf1 {[%emt 0:02:54]} e4 {[%emt 0:00:34]} 30. Qc6 {[%emt 0:00:02]} Qf3 {[%emt 0:02:31]} 31. Qd5 {[%emt 0:00:14]} Kh7 {[%emt 0:02:40]} 32. Ka2 {[%emt 0:01:30]} f5 {[%emt 0:08:46]} 33. Qf7+ {[%emt 0:02:33]} Kh6 {[%emt 0:00:08]} 34. Qf8+ {[%emt 0:00:40]} Kg5 {[%emt 0:00:48]} 35. Qe7+ {[%emt 0:01:31]} Kg4 {[%emt 0:00:40]} 36. Qf6 {[%emt 0:02:08]} g5 {[%emt 0:04:10]} 37. Qd4 {[%emt 0:09:07]} Kg3 {[%emt 0:01:19]} 38. Qh8 {[%emt 0:02:40]} e3 {[%emt 0:02:29]} 39. Qh6 {[%emt 0:00:11]} g4 {[%emt 0:00:41]} 40. Rh1 {[%emt 0:00:00]} Qxh1 {[%emt 0:00:00]} 41. Qxh1 {[%emt 0:01:40]} e2 {[%emt 0:00:12]} 42. Qd5 {[%emt 0:00:13]} f1=Q {[%emt 0:00:45]} 43. Qd3+ {[%emt 0:00:04]} Kg2 {[%emt 0:00:24]} 44. Qd2 {[%emt 0:00:05]} Kg1 {[%emt 0:00:08]} 45. Qd4+ {[%emt 0:00:47]} Qf2 {[%emt 0:00:10]} 46. Qd5 {[%emt 0:00:13]} e1=Q {[%emt 0:00:20]} 47. Qxb5 {[%emt 0:00:01]} Qb6 {[%emt 0:00:21]} 48. Qa4 {[%emt 0:00:44]} Qba5 {[%emt 0:00:26]} 49. c3 {[%emt 0:00:09]} Qxa4+ {[%emt 0:00:19]} 0-1

[Event "EYCC Open-U14 2019"]
[Site "Bratislava"]
[Date "2019.08.08"]
[Round "7.22"]
[White "Papadiamandis, Elliot"]
[Black "Ochedzan, Tymon"]
[Result "1-0"]
[WhiteElo "2202"]
[BlackElo "2037"]
[Annotator "NA"]
[PlyCount "83"]
[EventDate "2019.08.02"]
[EventType "swiss"]
[EventCountry "SVK"]
[SourceTitle "playchess.com"]
[Source "ChessBase"]
[SourceQuality "1"]
[TimeControl "40/5400+30:1800+30"]

1. e4 {[%emt 0:00:00]} c5 {[%emt 0:00:00]} 2. Nc3 {[%emt 0:00:12]} Nc6 {[%emt 0:00:28]} 3. Nf3 {[%emt 0:00:57]} e5 {[%emt 0:08:37]} 4. Bc4 {[%emt 0:01:20]} d6 {[%emt 0:04:22]} 5. d3 {[%emt 0:01:46]} Be7 {[%emt 0:03:29]} 6. Nd2 {[%emt 0:01:13]} Nf6 {[%emt 0:02:14]} 7. Nf1 {[%emt 0:06:34]} O-O {[%emt 0:03:40]} 8. Ne3 {[%emt 0:00:48]} Na5 {[%emt 0:05:28]} 9. Bd5 {[%emt 0:07:01]} Nxd5 {[%emt 0:02:31]} 10. Ncxd5 {[%emt 0:03:58]} Be6 {[%emt 0:02:39]} 11. O-O {[%emt 0:01:44]} Bg5 {[%emt 0:06:01]} 12. Nc3 {[%emt 0:06:59]} Nc6 {[%emt 0:02:46]} 13. Ned5 {[%emt 0:03:11]} Bxc1 {[%emt 0:04:42]} 14. Rxc1 {[%emt 0:02:19]} Nd4 {[%emt 0:02:38]} 15. f4 {[%emt 0:06:52]} exf4 {[%emt 0:01:38]} 16. Nxf4 {[%emt 0:01:58]} Qg5 {[%emt 0:05:22]} 17. Qe1 {[%emt 0:07:44]} b5 {[%emt 0:02:44]} 18. Qf2 {[%emt 0:02:53]} b4 {[%emt 0:04:00]} 19. Nce2 {[%emt 0:06:34]} Nxe2+ {[%emt 0:00:57]} 20. Qxe2 {[%emt 0:01:44]} a5 {[%emt 0:01:34]} 21. a4 {[%emt 0:03:54]} bxa3 {[%emt 0:02:33]} 22. bxa3 {[%emt 0:00:31]} Bg4 {[%emt 0:01:48]} 23. Qf2 {[%emt 0:02:23]} Rab8 {[%emt 0:04:00]} 24. Qg3 {[%emt 0:01:47]} f6 {[%emt 0:02:07]} 25. h4 {[%emt 0:00:18]} Qe5 {[%emt 0:05:30]} 26. Qxg4 {[%emt 0:00:41]} f5 {[%emt 0:01:44]} 27. Qf3 {[%emt 0:01:15]} Qb2 {[%emt 0:02:09]} 28. Ne6 {[%emt 0:01:45]} Rf7 {[%emt 0:00:22]} 29. exf5 {[%emt 0:01:18]} Qxa3 {[%emt 0:00:23]} 30. Ng5 {[%emt 0:00:34]} Rf6 {[%emt 0:01:01]} 31. Qd5+ {[%emt 0:00:55]} Kh8 {[%emt 0:00:26]} 32. Nf7+ {[%emt 0:00:32]} Kg8 {[%emt 0:00:08]} 33. Ne5+ {[%emt 0:00:31]} Kh8 {[%emt 0:00:40]} 34. Nd7 {[%emt 0:00:23]} Qb2 {[%emt 0:01:10]} 35. Nxb8 {[%emt 0:00:35]} Qxb8 {[%emt 0:00:08]} 36. Rb1 {[%emt 0:00:47]} Qd8 {[%emt 0:00:21]} 37. Rb7 {[%emt 0:00:47]} Rf8 {[%emt 0:00:30]} 38. f6 {[%emt 0:00:25]} Rxf6 {[%emt 0:00:24]} 39. Rxf6 {[%emt 0:00:30]} gxf6 {[%emt 0:00:04]} 40. Qf5 {[%emt 0:00:00]} Qg8 {[%emt 0:00:00]} 41. Qxf6+ {[%emt 0:01:17]} Qg7 {[%emt 0:00:19]} 42. Qxg7# {[%emt 0:00:03]} 1-0

[Event "EYCC Open-U14 2019"]
[Site "Bratislava"]
[Date "2019.08.08"]
[Round "7.23"]
[White "Hak, David"]
[Black "Fule, Simon"]
[Result "0-1"]
[WhiteElo "2012"]
[BlackElo "2184"]
[Annotator "NA"]
[PlyCount "154"]
[EventDate "2019.08.02"]
[EventType "swiss"]
[EventCountry "SVK"]
[SourceTitle "playchess.com"]
[Source "ChessBase"]
[SourceQuality "1"]
[TimeControl "40/5400+30:1800+30"]

1. e4 {[%emt 0:00:00]} e5 {[%emt 0:00:00]} 2. Nf3 {[%emt 0:00:00]} Nc6 {[%emt 0:00:00]} 3. d4 {[%emt 0:00:00]} exd4 {[%emt 0:00:00]} 4. Nxd4 {[%emt 0:00:00]} Nf6 {[%emt 0:00:00]} 5. Nxc6 {[%emt 0:00:00]} bxc6 {[%emt 0:00:07]} 6. e5 {[%emt 0:00:00]} Qe7 {[%emt 0:00:06]} 7. Qe2 {[%emt 0:00:02]} Nd5 {[%emt 0:00:06]} 8. c4 {[%emt 0:00:03]} Ba6 {[%emt 0:00:05]} 9. b3 {[%emt 0:00:08]} g6 {[%emt 0:00:29]} 10. Ba3 {[%emt 0:09:25]} Nb4 {[%emt 0:01:46]} 11. Bb2 {[%emt 0:05:59]} Bg7 {[%emt 0:05:10]} 12. a3 {[%emt 0:20:33]} Nd5 {[%emt 0:00:07]} 13. Qe4 {[%emt 0:04:39]} f5 {[%emt 0:18:45]} 14. Qd4 {[%emt 0:04:47]} Nb6 {[%emt 0:04:20]} 15. Nd2 {[%emt 0:14:06]} c5 {[%emt 0:10:08]} 16. Qe3 {[%emt 0:02:40]} d6 {[%emt 0:15:49]} 17. f4 {[%emt 0:08:16]} Bb7 {[%emt 0:03:48]} 18. O-O-O {[%emt 0:04:00]} O-O-O {[%emt 0:01:52]} 19. Re1 {[%emt 0:06:05]} Rhe8 {[%emt 0:03:18]} 20. Nf3 {[%emt 0:05:08]} Kb8 {[%emt 0:11:01]} 21. Qf2 {[%emt 0:03:04]} Nd7 {[%emt 0:08:54]} 22. e6 {[%emt 0:09:35]} Nf6 {[%emt 0:06:15]} 23. Ng5 {[%emt 0:01:00]} Ne4 {[%emt 0:00:24]} 24. Nxe4 {[%emt 0:01:05]} Bxe4 {[%emt 0:00:14]} 25. b4 {[%emt 0:01:03]} cxb4 {[%emt 0:02:19]} 26. axb4 {[%emt 0:00:12]} Bxb2+ {[%emt 0:01:02]} 27. Kxb2 {[%emt 0:00:44]} Qf6+ {[%emt 0:00:06]} 28. Kb3 {[%emt 0:00:31]} Rxe6 {[%emt 0:01:15]} 29. Be2 {[%emt 0:00:28]} c5 {[%emt 0:00:45]} 30. Ra1 {[%emt 0:00:36]} Re7 {[%emt 0:00:44]} 31. b5 {[%emt 0:00:25]} Qd4 {[%emt 0:02:07]} 32. Qxd4 {[%emt 0:00:36]} cxd4 {[%emt 0:00:01]} 33. Bf3 {[%emt 0:00:39]} Bxf3 {[%emt 0:00:20]} 34. gxf3 {[%emt 0:00:01]} Re3+ {[%emt 0:00:11]} 35. Kb4 {[%emt 0:00:12]} Rxf3 {[%emt 0:00:18]} 36. Ra6 {[%emt 0:00:36]} Rd7 {[%emt 0:02:21]} 37. Rha1 {[%emt 0:00:52]} Rf2 {[%emt 0:01:03]} 38. b6 {[%emt 0:00:41]} Rb2+ {[%emt 0:00:30]} 39. Ka5 {[%emt 0:00:20]} d3 {[%emt 0:00:51]} 40. Re1 {[%emt 0:00:00]} Rxb6 {[%emt 0:00:00]} 41. Rxb6+ {[%emt 0:02:03]} axb6+ {[%emt 0:02:39]} 42. Kxb6 {[%emt 0:00:20]} Rc7 {[%emt 0:04:49]} 43. Re8+ {[%emt 0:01:18]} Rc8 {[%emt 0:00:05]} 44. Re6 {[%emt 0:13:13]} Rxc4 {[%emt 0:00:17]} 45. Rxd6 {[%emt 0:02:42]} Rb4+ {[%emt 0:00:10]} 46. Kc6 {[%emt 0:00:36]} Rxf4 {[%emt 0:01:33]} 47. Rd8+ {[%emt 0:00:18]} Ka7 {[%emt 0:00:07]} 48. Rd7+ {[%emt 0:01:09]} Ka6 {[%emt 0:00:11]} 49. Rxd3 {[%emt 0:00:23]} Rc4+ {[%emt 0:00:23]} 50. Kd5 {[%emt 0:00:36]} Rh4 {[%emt 0:02:11]} 51. Kc6 {[%emt 0:01:20]} Ka5 {[%emt 0:01:00]} 52. Kc5 {[%emt 0:00:13]} Ka4 {[%emt 0:00:06]} 53. h3 {[%emt 0:00:39]} Re4 {[%emt 0:02:02]} 54. Rf3 {[%emt 0:01:00]} Rb4 {[%emt 0:02:58]} 55. Rd3 {[%emt 0:02:53]} Rb3 {[%emt 0:00:54]} 56. Rd4+ {[%emt 0:00:47]} Ka3 {[%emt 0:00:01]} 57. Rh4 {[%emt 0:02:09]} h5 {[%emt 0:00:23]} 58. Rf4 {[%emt 0:01:52]} Rxh3 {[%emt 0:00:10]} 59. Rf2 {[%emt 0:00:13]} Rh4 {[%emt 0:01:26]} 60. Kd6 {[%emt 0:01:10]} Kb3 {[%emt 0:00:19]} 61. Ke5 {[%emt 0:00:57]} Rg4 {[%emt 0:01:15]} 62. Rd2 {[%emt 0:00:21]} Kc3 {[%emt 0:00:08]} 63. Rd8 {[%emt 0:00:24]} h4 {[%emt 0:03:52]} 64. Rd7 {[%emt 0:01:00]} h3 {[%emt 0:02:02]} 65. Rh7 {[%emt 0:00:35]} Kd3 {[%emt 0:00:08]} 66. Rxh3+ {[%emt 0:00:20]} Ke2 {[%emt 0:00:01]} 67. Ra3 {[%emt 0:01:26]} Kf2 {[%emt 0:00:06]} 68. Ra2+ {[%emt 0:01:35]} Kg3 {[%emt 0:00:08]} 69. Ra3+ Kh4 {[%emt 0:00:25]} 70. Kf6 {[%emt 0:01:19]} f4 {[%emt 0:04:32]} 71. Ke5 {[%emt 0:02:01]} g5 {[%emt 0:00:33]} 72. Rf3 {[%emt 0:01:36]} Rg3 {[%emt 0:00:18]} 73. Rf1 {[%emt 0:00:47]} Kg4 {[%emt 0:00:07]} 74. Ke4 {[%emt 0:00:13]} Re3+ {[%emt 0:00:06]} 75. Kd4 {[%emt 0:00:08]} Re8 {[%emt 0:04:37]} 76. Rg1+ {[%emt 0:00:11]} Kf5 {[%emt 0:00:06]} 77. Ra1 {[%emt 0:00:07]} f3 {[%emt 0:00:11]} 0-1

[Event "EYCC Open-U14 2019"]
[Site "Bratislava"]
[Date "2019.08.08"]
[Round "7.24"]
[White "Kusa, Jakub"]
[Black "Frank, Adam"]
[Result "1-0"]
[WhiteElo "2199"]
[BlackElo "2125"]
[Annotator "NA"]
[PlyCount "103"]
[EventDate "2019.08.02"]
[EventType "swiss"]
[EventCountry "SVK"]
[SourceTitle "playchess.com"]
[Source "ChessBase"]
[SourceQuality "1"]
[TimeControl "40/5400+30:1800+30"]

1. e4 {[%emt 0:00:00]} e5 {[%emt 0:00:00]} 2. Nf3 {[%emt 0:00:00]} Nc6 {[%emt 0:00:00]} 3. Bb5 {[%emt 0:00:00]} a6 {[%emt 0:00:00]} 4. Ba4 {[%emt 0:00:08]} Nf6 {[%emt 0:00:00]} 5. O-O {[%emt 0:00:13]} Be7 {[%emt 0:00:00]} 6. d3 {[%emt 0:00:19]} d6 {[%emt 0:00:04]} 7. Nc3 {[%emt 0:01:08]} O-O {[%emt 0:00:52]} 8. a3 {[%emt 0:01:38]} b5 {[%emt 0:04:55]} 9. Bb3 {[%emt 0:00:08]} Be6 {[%emt 0:01:54]} 10. Nd5 {[%emt 0:02:21]} Na5 {[%emt 0:07:46]} 11. Nxf6+ {[%emt 0:10:11]} Bxf6 {[%emt 0:00:05]} 12. Bxe6 {[%emt 0:00:41]} fxe6 {[%emt 0:00:04]} 13. b4 {[%emt 0:01:15]} Nc6 {[%emt 0:01:36]} 14. Bb2 {[%emt 0:05:50]} Qe8 {[%emt 0:08:26]} 15. c4 {[%emt 0:05:10]} Nd4 {[%emt 0:01:37]} 16. Bxd4 {[%emt 0:10:01]} exd4 {[%emt 0:00:06]} 17. e5 {[%emt 0:01:24]} Bxe5 {[%emt 0:03:12]} 18. Nxe5 {[%emt 0:01:03]} dxe5 {[%emt 0:00:04]} 19. Re1 {[%emt 0:02:02]} Rf5 {[%emt 0:06:22]} 20. Rc1 {[%emt 0:05:17]} Qf7 {[%emt 0:24:28]} 21. f3 {[%emt 0:02:30]} h5 {[%emt 0:01:46]} 22. Re4 {[%emt 0:02:51]} a5 {[%emt 0:12:19]} 23. cxb5 {[%emt 0:05:41]} axb4 {[%emt 0:00:04]} 24. a4 {[%emt 0:01:56]} Qe7 {[%emt 0:02:08]} 25. Qb3 {[%emt 0:02:21]} Kh7 {[%emt 0:01:31]} 26. h4 {[%emt 0:07:44]} Rf4 {[%emt 0:05:48]} 27. Rxe5 {[%emt 0:06:03]} Qxh4 {[%emt 0:03:56]} 28. Rcc5 {[%emt 0:01:36]} g6 {[%emt 0:01:30]} 29. Qxe6 {[%emt 0:03:02]} Rxa4 {[%emt 0:02:38]} 30. Rxh5+ {[%emt 0:10:14]} Qxh5 {[%emt 0:00:04]} 31. Rxh5+ {[%emt 0:00:28]} gxh5 {[%emt 0:00:03]} 32. g3 {[%emt 0:02:29]} Rf8 {[%emt 0:00:06]} 33. Qe7+ {[%emt 0:00:13]} Kg8 {[%emt 0:00:03]} 34. Qg5+ {[%emt 0:00:15]} Kf7 {[%emt 0:01:48]} 35. Qxh5+ {[%emt 0:00:35]} Kg7 {[%emt 0:00:49]} 36. Qg5+ {[%emt 0:01:32]} Kh7 {[%emt 0:02:25]} 37. Qh4+ {[%emt 0:00:28]} Kg8 {[%emt 0:00:46]} 38. Qg4+ {[%emt 0:00:28]} Kh7 {[%emt 0:00:35]} 39. Qxd4 {[%emt 0:01:37]} Rfa8 {[%emt 0:01:18]} 40. Qh4+ {[%emt 0:00:00]} Kg6 {[%emt 0:00:00]} 41. Qg4+ {[%emt 0:05:08]} Kf6 {[%emt 0:03:07]} 42. Qf4+ {[%emt 0:01:01]} Kg6 {[%emt 0:00:19]} 43. Qe4+ {[%emt 0:00:32]} Kg5 {[%emt 0:01:14]} 44. Qd5+ {[%emt 0:00:39]} Kf6 {[%emt 0:00:34]} 45. Qc6+ {[%emt 0:01:56]} Kg5 {[%emt 0:01:03]} 46. Kf2 {[%emt 0:02:15]} Ra2+ {[%emt 0:13:27]} 47. Ke3 {[%emt 0:00:12]} R8a4 {[%emt 0:00:19]} 48. Qe6 {[%emt 0:04:58]} R2a3 {[%emt 0:01:20]} 49. f4+ {[%emt 0:03:58]} Kh5 {[%emt 0:00:35]} 50. Qg8 {[%emt 0:00:22]} Kh6 {[%emt 0:00:05]} 51. f5 {[%emt 0:00:29]} Kh5 {[%emt 0:00:03]} 52. Qg6# {[%emt 0:00:11]} 1-0

[Event "EYCC Open-U14 2019"]
[Site "Bratislava"]
[Date "2019.08.08"]
[Round "7.25"]
[White "Luczak, Filip"]
[Black "Schlegel, Igor"]
[Result "1-0"]
[WhiteElo "2144"]
[BlackElo "1968"]
[Annotator "NA"]
[PlyCount "45"]
[EventDate "2019.08.02"]
[EventType "swiss"]
[EventCountry "SVK"]
[SourceTitle "playchess.com"]
[Source "ChessBase"]
[SourceQuality "1"]
[TimeControl "40/5400+30:1800+30"]

1. e4 {[%emt 0:00:00]} c5 {[%emt 0:00:00]} 2. Nf3 {[%emt 0:00:00]} d6 3. d4 {[%emt 0:00:00]} cxd4 {[%emt 0:00:00]} 4. Nxd4 {[%emt 0:00:00]} Nf6 {[%emt 0:00:00]} 5. Nc3 {[%emt 0:00:00]} a6 {[%emt 0:00:00]} 6. Nb3 {[%emt 0:00:00]} e6 {[%emt 0:00:54]} 7. g4 {[%emt 0:00:01]} b5 {[%emt 0:01:08]} 8. Bg2 {[%emt 0:00:41]} Bb7 {[%emt 0:00:36]} 9. g5 {[%emt 0:00:46]} Nfd7 {[%emt 0:01:26]} 10. f4 {[%emt 0:02:34]} Be7 {[%emt 0:07:55]} 11. O-O {[%emt 0:01:18]} O-O {[%emt 0:27:18]} 12. h4 {[%emt 0:09:30]} Nc6 {[%emt 0:18:28]} 13. Qg4 {[%emt 0:25:25]} a5 {[%emt 0:12:23]} 14. Be3 {[%emt 0:06:51]} b4 {[%emt 0:01:18]} 15. Ne2 {[%emt 0:05:17]} Nb6 {[%emt 0:01:25]} 16. f5 {[%emt 0:05:45]} Nc4 {[%emt 0:00:46]} 17. Bf2 {[%emt 0:00:25]} N6e5 {[%emt 0:00:17]} 18. Qg3 {[%emt 0:00:32]} d5 {[%emt 0:05:45]} 19. Nc5 {[%emt 0:05:55]} Nd7 {[%emt 0:13:41]} 20. Nxb7 {[%emt 0:01:10]} Qc8 {[%emt 0:02:38]} 21. exd5 {[%emt 0:01:36]} exd5 {[%emt 0:00:16]} 22. Bxd5 {[%emt 0:00:51]} Nce5 {[%emt 0:00:14]} 23. f6 {[%emt 0:01:11]} 1-0